Até mais verde (Record no. 49906)

MARC details
000 -LÍDER
campo de controle de tamanho fixo 00343 a2200157 4500
001 - NÚMERO DE CONTROLE
campo de controle 49906
020 ## - ISBN - INTERNATIONAL STANDARD BOOK NUMBER
ISBN - International Standard Book Number 8570561830
040 ## - FONTE DA CATALOGAÇÃO
Instituição que transcreveu o registro Anchieta - Bela Vista
100 ## - ENTRADA PRINCIPAL--NOME PESSOAL
Nome pessoal Ladeira, Julieta de Godoy
240 10 - TÍTULO UNIFORME
Título uniforme Até mais verde
Idioma da obra por
245 10 - TÍTULO
Título Até mais verde
300 ## - DESCRIÇÃO FÍSICA
Extensão 56
362 0# - DATAS DE PUBLICAÇÃO E/OU DESIGNAÇÃO SEQUENCIAL
Datas de publicação e/ou designação sequencial 1989
650 #4 - ASSUNTO--TERMO TÓPICO
Cabeçalho tópico ou nome geográfico Literatura juvenil
942 ## - ELEMENTOS DE ENTRADA ADICIONADOS (KOHA)
Tipo de material Koha Livros
Holdings
Situação do descarte Situação das perdas Situação física Não pode ser emprestado Biblioteca de origem Biblioteca atual Data de aquisição Total de empréstimos Número de chamada completo Código de barras Data de último acesso Data do preço efetivo Tipo de material Koha Fonte da classificação ou esquema de arquivamento na estante Nota pública
        Colégio Anchieta - Bela Vista Colégio Anchieta - Bela Vista 21/11/2023   LJ 028.5 L154a LAD ATE 3144/BEL 21/11/2023 21/11/2023 Livros    
        Novo Tempo - Aureliano São José Novo Tempo - Aureliano São José 01/07/2024     IF241 01/07/2024 01/07/2024 Livros Classificação Decimal de Dewey A